000 05622nam a2200625 c 4500
003 BLK
005 20250129101339.0
008 180411b bul|||||r ||||||| ||bul||
010 _aKNG00184780000
040 _aBLK
041 _aBUL
_cBUL
080 _aПолитически партии и движения
_b329
_x(497.2)БКП
_z329(497.2)БКП
080 _aЦивилизация. Култура. Прогрес. История на културата вж 930.85
_b008
_x(497.2)
_z008(497.2)
700 1 _aСтойков, Атанас
_eред. кол.
_gАтанасов, Атанас Стойков
_9369553
700 1 _aАврамов, Петър
_eсъстав.
_9376468
700 1 _aДобрев, Чавдар Ат.
_e*
_9340497
700 1 _aМаринова, Мария
_e*
_9378382
700 _aАтанасов, Атанас Димитров
_9383307
700 1 _aОбретенов, Александър Обретенов
_e*
_9368930
700 1 _aПавлов, Любомир Б.
_e*
_9382508
700 1 _aСтефанов, Никола
_e*
_9369386
700 1 _aДомусчиев, Иван
_e*
_9383308
700 1 _aБожков, Стойко
_e*
_9367412
700 1 _aСлавов, Слави
_e*
_9376999
700 1 _aТрендафилов, Тончо
_e*
_9381060
700 1 _aМатеев, Борис П.
_e*
_9340498
700 1 _aАтанасов, Жечо Г.
_e*
_9340499
700 1 _aДанчев, Пенчо
_e*
_9379694
700 1 _aИванов, Митко
_e*
_gМитев, Митко Иванов
_9378107
700 1 _aКунчев, Влъчко
_e*
_9340500
700 1 _aГергова, Ани
_e*
_9383309
700 1 _aМилев, Н.
_e*
_9340501
700 _aЗенгинов, Димитър
_d1927-
_9370300
700 1 _aГанев, Стефан Б.
_e*
_9383310
700 1 _aМомов, Васил
_e*
_9378138
139 _aБългарската комунистическа партия и културата
_bБ 92
245 1 0 _aБългарската комунистическа партия и културата
_bСб. статии : В 2 т.
_cред. кол. Атанас Стойков; състав. Петър Аврамов; * Чавдар Ат. Добрев; * Мария Маринова; * Атанас Димитров Атанасов; * Александър Обретенов Обретенов; * Любомир Б. Павлов; * Никола Стефанов; * Иван Домусчиев; * Стойко Божков; * Слави Славов; * Тончо Трендафилов; * Борис П. Матеев; * Жечо Г. Атанасов; * Пенчо Данчев; * Митко Иванов; * Влъчко Кунчев; * Ани Гергова; * Н. Милев; * Димитър Зенгинов; * Стефан Б. Ганев; * Васил Момов.
_nТ. 2
_p1944 - 1981
257 _aBGR
260 София
_bПартиздат
_c1983
300 _c21 см
380 _a3
500 _aДруги ред. : П. Аврамов, Ч. Добрев ; Други състав. : М. Маринова, Ат. Атанасов.
650 4 _aБКП - политика
_9340502
650 4 _aКултура - България - история
_9251094
651 4 _aБългария
_9241624
653 _aБКП
653 _aкултура
760 1 _d1983
_h728 с.
_nСъдържа : Културната революция - закономерност на социализма / П. Аврамов. Георги Димитров и културата / Ал. Обретенов. Тодо Живков и развитието на политиката на БКП в областта на културата / Л. Павлов, Н Стефанов. БКП и формирането на социалистическата интелигенция / П. Аврамов. Съветската култура и културната революция в България / Ив. Домусчиев. БКП и развитието на науката / Ст. Божков. БКП и развитието на философската мисъл / Сл. Славов. БКП и икономическата наука / Т. Трендафилов. БКП и развитието на историческата наука / Б. Матеев. Борбата на БКП за коренно преустройство на образованието / Ж. Атанасов. БКП и литературата / П. Данчев. Журналистика на революцията / М. Иванов. Неуморни глашатаи на партийната политика / В. Кунчев. Социалистическото книгоиздаване и БКП / А. Гергова. Партията и театърът / Ч. Добрев. БКП и киноизкуството / Н. Милев. БКП и изобразителното изкуство / Ат. Стойков. БКП и музикалната култура / Д. Зенгинов. БКП и научното управление на художествената култура / Ст. Ганев. Социалистическото строителство и формирането на новия човек / В. Момов. - 1 010 тир.
_tТ. 2 1944 - 1981
852 _aЦб 123911
856 4 _qpdf
_u
856 4 _qpdf
_u
942 _cKNG
_n0
944 _aCR
_c11.11.2015
_lГеновева Генчева
_k30560
944 _aED
_c15.01.2018
_l11.11.2015 - от С1,Р / 11.11.2015
_kВиолета_Тройчева
999 _c176175
_d176175